Diseño de pavimento rígido según tipología del suelo de los Barrios Memorial Sandino, Jocote Dulce, Hialeah Etapas ll y lll utilizando en método de Losas Cortas
Presenta el diseño de un espesor de pavimento de concreto hidráulico para los tramos objeto de estudio, pertenecientes a las comunidades de Jocote Dulce, Memorial Sandino y Hialeah etapas II y III, ubicados en el distrito uno de Managua. Se implementa el método de losas cortas para la determina...
| Main Authors: | , |
|---|---|
| Other Authors: | |
| Format: | Tesis Section = Libro |
| Language: | Undetermined Spanish |
| Published: |
Managua
UNI
2016
|
| Subjects: |
| LEADER | 01221nam a2200265Ia 4500 | ||
|---|---|---|---|
| 008 | 240830s9999 xx 000 0 und d | ||
| 040 | |a BIBLIOTECA-RUPAP Mon 625.85 G178 | ||
| 041 | |a spa | ||
| 082 | |a Mon 625.85 G178 | ||
| 100 | 1 | |a Galo Miranda, Mario Ernesto | |
| 100 | 1 | |b Pérez Ordoñez, Edwin Francisco | |
| 245 | 1 | 0 | |a Diseño de pavimento rígido según tipología del suelo de los Barrios Memorial Sandino, Jocote Dulce, Hialeah Etapas ll y lll utilizando en método de Losas Cortas |
| 260 | |a Managua |b UNI |c 2016 | ||
| 300 | |a 118 p. :il. | ||
| 500 | |a Contiene: anexos e Incluye: CD. | ||
| 502 | |a Tesis (Ingeniero Civil)- UNI, 2016. | ||
| 520 | 3 | |a Presenta el diseño de un espesor de pavimento de concreto hidráulico para los tramos objeto de estudio, pertenecientes a las comunidades de Jocote Dulce, Memorial Sandino y Hialeah etapas II y III, ubicados en el distrito uno de Managua. Se implementa el método de losas cortas para la determinación del espesor óptimo. | |
| 650 | 7 | |a PAVIMENTOS-DISEÑO | |
| 650 | 7 | |b PAVIMENTOS RIGIDOS | |
| 650 | 7 | |c PAVIMENTOS FLEXIBLE | |
| 650 | 7 | |d CALLES-MANTENIMIENTO Y REPARACION | |
| 700 | 1 | |a Tutor: | |
| 942 | |c BK |2 ddc | ||
| 991 | |a TESIS | ||
| 999 | |c 16089 | ||